Statistiken für Darts Premier League 2023

Klicken Sie hier um das Quiz zu spielen!

Allgemein

  • Dieses Quiz wurde 203 mal gespielt
  • Das Durchschnittsergebnis liegt bei 7 aus 8

Antwortstatistiken

NationalitätSpieler% Korrekt
NiederlandeMichael van Gerwen
98%
SchottlandPeter Wright
98%
WalesGerwyn Price
96%
EnglandMichael Smith
94%
BelgienDimitri van den Bergh
91%
WalesJonny Clayton
88%
EnglandNathan Aspinall
83%
EnglandChris Dobey
79%

Verteilung der Resultate

Perzentil nach korrekt beantworteten Fragen

Anzahl Personen mit jedem Resultat

Ihre Resultats-Entwicklung

Sie haben dieses Quiz noch nicht gespielt